[Event "ICS rated blitz match"]
[Site "204.178.125.65"]
[Date "2001.08.05"]
[Round "?"]
[White "Hossa"]
[Black "Polkan"]
[Result "1-0"]
[WhiteElo "2599"]
[BlackElo "2500"]
[PlyCount "125"]
[EventDate "2001.??.??"]

1. e4 d6 2. d4 Nf6 3. Nc3 g6 4. Bc4 Bg7 5. Bf4 O-O 6. Nge2 Nxe4 7. Nxe4 d5 8.
Bxc7 Qxc7 9. Bxd5 Qa5+ 10. N4c3 Nc6 11. O-O Bg4 12. f3 Bd7 13. Qd2 Rad8 14.
Rab1 e6 15. Bxc6 Bxc6 16. Rfd1 b5 17. Qg5 Qb6 18. Qh4 b4 19. Ne4 h6 20. Nf6+
Kh8 21. Ng4 Rd5 22. c4 Rh5 23. Qf2 Ra5 24. c5 Qc7 25. Ra1 Bd5 26. b3 Rd8 27.
Qh4 Kh7 28. Ne3 Ba8 29. Nc4 Rb5 30. Nd6 Rxd6 31. cxd6 Qxd6 32. Qf4 Qd7 33. Rac1
Rb7 34. Rc4 a5 35. Rdc1 Qb5 36. Qd2 Qb6 37. Rc6 Qa7 38. Qd3 Rd7 39. Ra6 Qb8 40.
Rxa5 Bd5 41. Rb5 Qa7 42. Qd2 Bf8 43. Qc2 Be7 44. Qc8 Rd8 45. Qc7 Rd7 46. Qxa7
Rxa7 47. Rc2 g5 48. Nc1 Bf6 49. Rxb4 Be7 50. Ra4 Rb7 51. Nd3 Bf6 52. Rc8 Rd7
53. Ne5 Rb7 54. Ra6 Kg7 55. Kf2 Be7 56. Raa8 Bf6 57. Rg8+ Kh7 58. Ke3 Rc7 59.
Rgc8 Rb7 60. Rab8 Ra7 61. a4 h5 62. Rf8 Kg7 63. Rh8 {Polkan resigns} 1-0

[Event "ICS rated blitz match"]
[Site "204.178.125.65"]
[Date "2001.08.05"]
[Round "?"]
[White "Polkan"]
[Black "Hossa"]
[Result "1/2-1/2"]
[WhiteElo "2488"]
[BlackElo "2611"]
[PlyCount "168"]
[EventDate "2001.??.??"]

1. d4 Nf6 2. c4 e6 3. Nf3 b6 4. g3 Ba6 5. b3 Bb7 6. Bg2 Bb4+ 7. Bd2 a5 8. O-O
O-O 9. Bc3 Kh8 10. a3 Bxc3 11. Nxc3 d6 12. Qc2 Nbd7 13. e4 Qe7 14. Rfe1 c5 15.
d5 Ng4 16. h3 Nge5 17. Nd2 Rab8 18. f4 Ng6 19. Kh2 Ba6 20. a4 Rfd8 21. dxe6
fxe6 22. Nf3 Rf8 23. Rad1 Rbd8 24. Rd2 Nb8 25. Red1 Nc6 26. Ne2 Nb4 27. Qc3 d5
28. cxd5 exd5 29. e5 d4 30. Qb2 Nd5 31. Nc1 Ne3 32. Re1 Rf5 33. Bh1 Nf1+ 34.
Rxf1 Bxf1 35. Rf2 Ba6 36. Qd2 Rh5 37. Bg2 Nf8 38. Nd3 Nd7 39. h4 Rh6 40. Bh3
Rf8 41. Ng5 Bxd3 42. Qxd3 Nxe5 43. Qf1 Nf7 44. Re2 Qb7 45. Ne6 Rb8 46. Qe1 Nd6
47. Bg2 Qf7 48. Ng5 Qxb3 49. Re7 Rg8 50. Rd7 d3 51. Qe7 d2 52. Rxd6 Rxd6 53.
Qxd6 Re8 54. Qxd2 Qxa4 55. Qd5 h6 56. Nf7+ Kh7 57. Qf5+ g6 58. Qd5 Re7 59. Ne5
Qe8 60. Be4 Kg7 61. Qd6 Re6 62. Qc7+ Qe7 63. Qb8 Qd6 64. Qb7+ Re7 65. Qa6 g5
66. hxg5 hxg5 67. Qe2 Re8 68. Kg2 Qd8 69. Qg4 b5 70. Qf5 Qd2+ 71. Kf3 Qd1+ 72.
Kf2 Qd4+ 73. Kf3 Rxe5 74. fxe5 Qd1+ 75. Kg2 Qe2+ 76. Kg1 Qe1+ 77. Kg2 Qd2+ 78.
Kg1 a4 79. Qg6+ Kf8 80. Qf6+ Kg8 81. Qg6+ Kf8 82. Qf6+ Kg8 83. Qg6+ Kf8 84.
Qf6+ Kg8 {Game drawn by repetition} 1/2-1/2

[Event "ICS rated blitz match"]
[Site "204.178.125.65"]
[Date "2001.08.05"]
[Round "?"]
[White "Hossa"]
[Black "clb"]
[Result "1-0"]
[WhiteElo "2606"]
[BlackElo "2015"]
[PlyCount "38"]
[EventDate "2001.??.??"]

1. e4 c6 2. d4 d5 3. Nd2 dxe4 4. Nxe4 Nd7 5. Bc4 h6 6. Qf3 Ngf6 7. Nxf6+ Nxf6
8. Ne2 Bg4 9. Qb3 e6 10. Qxb7 Rc8 11. Qxa7 Rc7 12. Qa4 Bd6 13. O-O O-O 14. Bd3
c5 15. dxc5 Bxc5 16. Nc3 Qe7 17. Be3 Bxe3 18. fxe3 Qc5 19. Rxf6 gxf6 {
clb resigns} 1-0

[Event "ICS rated blitz match"]
[Site "204.178.125.65"]
[Date "2001.08.05"]
[Round "?"]
[White "monsoon"]
[Black "Hossa"]
[Result "0-1"]
[WhiteElo "2584"]
[BlackElo "2607"]
[PlyCount "130"]
[EventDate "2001.??.??"]

1. e4 c5 2. Nf3 g6 3. d4 cxd4 4. Nxd4 Bg7 5. Nc3 Nh6 6. Bc4 O-O 7. Bg5 Nc6 8.
O-O Nxd4 9. Bxh6 Bxh6 10. Qxd4 d6 11. Qd3 Bg7 12. a3 Bd7 13. Kh1 Rc8 14. Bb3
Bxc3 15. bxc3 Qa5 16. c4 Qc5 17. Qd5 Rc7 18. Rab1 Be6 19. Qxc5 Rxc5 20. Rfc1 b6
21. h3 Rfc8 22. Rd1 Bxc4 23. Kh2 Kg7 24. a4 Kf6 25. f3 g5 26. Kg3 h5 27. h4
gxh4+ 28. Kxh4 Bxb3 29. cxb3 Rc2 30. Rg1 Rg8 31. Rbd1 Rcxg2 32. Rxg2 Rxg2 33.
Kxh5 Rg3 34. Rd3 Ke5 35. Rd5+ Ke6 36. Rf5 a6 37. Kh4 Rg2 38. Rd5 Rg1 39. Kh5
Rg3 40. Rd3 f5 41. exf5+ Kxf5 42. Kh4 Rg6 43. Rd4 e5 44. Rd3 a5 45. Kh3 e4 46.
fxe4+ Kxe4 47. Rd1 d5 48. Kh4 d4 49. Kh5 Rc6 50. Kg4 d3 51. b4 axb4 52. Re1+
Kd4 53. a5 bxa5 54. Kf5 b3 55. Ra1 d2 56. Rd1 b2 57. Kf4 Rc4 58. Kg3 b1=Q 59.
Rxb1 d1=Q 60. Rb6 Qe1+ 61. Kg2 Rc2+ 62. Kh3 Qf1+ 63. Kh4 Rh2+ 64. Kg5 Rg2+ 65.
Kh5 Qh1# {monsoon checkmated} 0-1

[Event "ICS rated blitz match"]
[Site "204.178.125.65"]
[Date "2001.08.05"]
[Round "?"]
[White "QueenMaxima"]
[Black "Hossa"]
[Result "1-0"]
[WhiteElo "2460"]
[BlackElo "2605"]
[PlyCount "133"]
[EventDate "2001.??.??"]

1. d4 Nf6 2. Nf3 e6 3. g3 b6 4. Bg2 Bb7 5. O-O c5 6. Nc3 cxd4 7. Qxd4 Bc5 8.
Qh4 Nc6 9. Bg5 d5 10. Rad1 Qe7 11. Na4 O-O-O 12. Nxc5 bxc5 13. c4 Ba6 14. cxd5
Bxe2 15. Qa4 Nb4 16. Rc1 Nbxd5 17. Rfe1 Bxf3 18. Bxf3 Kb8 19. Qb3+ Qb7 20.
Qxb7+ Kxb7 21. Rxc5 Rc8 22. Rb5+ Kc6 23. Rb3 Rb8 24. Ra3 Rxb2 25. Rxa7 Kd6 26.
Bc1 Rc2 27. Ba3+ Kc6 28. Rxf7 Re8 29. Bd1 Rc4 30. Bb3 Rg4 31. h3 Rd4 32. Rxg7
Kb5 33. Rf7 h6 34. Rb1 Kc6 35. Bb2 Rd2 36. Bxf6 Kc5 37. Bb2 Ra8 38. Rh7 Kd6 39.
Rxh6 Kd7 40. Rh7+ Kd6 41. Kf1 Ra5 42. Ke1 Rd3 43. Ke2 Rxb3 44. axb3 Ra8 45. Ra1
Rb8 46. Bd4 Nb4 47. Raa7 Rc8 48. Rhd7+ Kc6 49. Be5 Nd5 50. Rd6+ Kb5 51. Rb7+
Kc5 52. Rxe6 Rd8 53. f3 Rc8 54. Kd3 Nb4+ 55. Ke4 Rd8 56. Rc7+ Kb5 57. Bd4 Nd5
58. Rb7+ Ka5 59. Re5 Ka6 60. Ra7+ Kb5 61. Rxd5+ Rxd5 62. Kxd5 Kb4 63. Rb7+ Ka3
64. Kc4 Ka2 65. Kc3 Kb1 66. Ra7 Kc1 67. Ra1# {Hossa checkmated} 1-0

[Event "ICS rated blitz match"]
[Site "204.178.125.65"]
[Date "2001.08.05"]
[Round "?"]
[White "Hossa"]
[Black "monsoon"]
[Result "0-1"]
[WhiteElo "2584"]
[BlackElo "2569"]
[PlyCount "73"]
[EventDate "2001.??.??"]

1. e4 e5 2. f4 d5 3. exd5 e4 4. Bb5+ c6 5. dxc6 bxc6 6. Bc4 Nf6 7. d3 Bc5 8.
Nc3 Qd4 9. Qe2 O-O 10. dxe4 Bg4 11. Nf3 Bxf3 12. gxf3 Re8 13. Bd2 Nbd7 14.
O-O-O Nb6 15. Ba6 Rab8 16. Be1 Qe3+ 17. Qxe3 Bxe3+ 18. Bd2 Bf2 19. h3 Red8 20.
Rh2 Bc5 21. Rg2 Bd4 22. Ne2 Bc5 23. Ng3 Na4 24. Nf5 Nxb2 25. Rxg7+ Kh8 26. Rdg1
Ba3 27. c4 Nxc4+ 28. Kc2 Nxd2 29. Bd3 Nxf3 30. Rf1 Nd4+ 31. Nxd4 Kxg7 32. Nb3
c5 33. h4 c4 34. Bxc4 Rbc8 35. Nd2 Bb4 36. e5 Ne4 37. Nxe4 {Hossa resigns} 0-1

[Event "ICS rated blitz match"]
[Site "204.178.125.65"]
[Date "2001.08.05"]
[Round "?"]
[White "ChesterX"]
[Black "Hossa"]
[Result "1-0"]
[WhiteElo "2718"]
[BlackElo "2567"]
[PlyCount "124"]
[EventDate "2001.??.??"]

1. e4 e5 2. Nf3 d6 3. d4 Nd7 4. Bc4 Nb6 5. Bb3 exd4 6. Qxd4 Be6 7. Bg5 Nf6 8.
Bxe6 fxe6 9. O-O e5 10. Qd3 Be7 11. a4 c6 12. Bxf6 gxf6 13. a5 Nd7 14. Nh4 Nc5
15. Qf3 Qd7 16. Qh5+ Kd8 17. Nc3 Kc7 18. Nf5 Ne6 19. Qf7 Rae8 20. Rfd1 Nf4 21.
Rd2 Rhg8 22. g3 Nh3+ 23. Kh1 Ng5 24. Qc4 Kb8 25. Rad1 Nf3 26. Rd3 Nd4 27. Nxd4
exd4 28. Rxd4 h5 29. a6 b6 30. Qf7 Qc7 31. Rc4 Qd7 32. Qxh5 Rg5 33. Qh7 Reg8
34. Kg1 Qe8 35. Qh3 Rh5 36. Qg2 Rgh8 37. Ra4 Rh3 38. Rd2 b5 39. Ra1 R8h6 40. f3
Qg6 41. Rad1 Qh7 42. Re1 Bd8 43. Nd1 Bb6+ 44. Ne3 Kc7 45. Kh1 Bxe3 46. Rxe3 Qg6
47. f4 Rh8 48. Qg1 c5 49. b4 Qe8 50. Ree2 Qc6 51. Rd5 R3h5 52. f5 Qb6 53. bxc5
dxc5 54. Rxc5+ Kb8 55. c4 bxc4 56. Rxc4 Qxa6 57. Qc5 R5h7 58. Rb2+ Ka8 59. Qd5+
Rb7 60. Kg2 Kb8 61. Rxb7+ Qxb7 62. Qd6+ Ka8 {Hossa resigns} 1-0

[Event "ICS Rated standard match"]
[Site "204.178.125.65"]
[Date "2001.08.05"]
[Round "?"]
[White "Hossa"]
[Black "Butcher"]
[Result "1-0"]
[WhiteElo "2138"]
[BlackElo "2174"]
[PlyCount "89"]
[EventDate "2001.??.??"]

1. d4 Nf6 2. c4 g6 3. Nc3 Bg7 4. Nf3 d5 5. Qb3 dxc4 6. Qxc4 O-O 7. e4 a6 8. Qb3
b5 9. Be2 Nc6 10. d5 Na5 11. Qa3 c6 12. dxc6 Be6 13. O-O Nxc6 14. Qc5 Qd6 15.
Qb6 Ne5 16. Qxd6 exd6 17. Nxe5 dxe5 18. f3 Rfd8 19. Be3 Nh5 20. g3 Nf6 21. Rfd1
h6 22. Bb6 Rd7 23. Rxd7 Nxd7 24. Be3 Rc8 25. a4 Bc4 26. Bxc4 bxc4 27. Rd1 Rc7
28. Rd6 Rb7 29. Rxa6 Rxb2 30. Rc6 Rb4 31. Rc8+ Kh7 32. a5 Nb8 33. Nd5 Rb1+ 34.
Kg2 Na6 35. Rc6 Nb8 36. Rxc4 Ra1 37. Bb6 Ra2+ 38. Kh3 Na6 39. Rc6 Bf8 40. Rc8
Kg7 41. Bd8 f5 42. Ra8 Nb4 43. Ra7+ Kh8 44. Nf6 Bg7 45. Ra8 {Butcher resigns}
1-0

[Event "ICS rated blitz match"]
[Site "204.178.125.65"]
[Date "2001.08.05"]
[Round "?"]
[White "Hossa"]
[Black "eyesofkubrick"]
[Result "1-0"]
[WhiteElo "2558"]
[BlackElo "2396"]
[PlyCount "161"]
[EventDate "2001.??.??"]

1. e4 g6 2. d4 Bg7 3. Nf3 d6 4. Bc4 Nf6 5. Nc3 O-O 6. O-O Bg4 7. h3 Bxf3 8.
Qxf3 Nc6 9. Ne2 e5 10. d5 Nb8 11. Bg5 Nbd7 12. Nc3 h6 13. Be3 c5 14. Bd2 Ne8
15. Qg3 Nc7 16. Nb5 Ne8 17. Be2 a6 18. Na3 b5 19. c4 b4 20. Nc2 a5 21. Bd3 a4
22. a3 b3 23. Ne3 Kh8 24. Ng4 h5 25. Nh2 Kh7 26. Nf3 Qe7 27. Ng5+ Kg8 28. Rfe1
Nef6 29. Be2 Nh7 30. Nxh7 Kxh7 31. Rf1 Rae8 32. Rab1 Bh6 33. Bxh6 Kxh6 34. h4
Kg7 35. Ra1 Qf6 36. Qh3 Re7 37. g3 Kh7 38. Qg2 Qg7 39. Rfe1 Qh6 40. Red1 Nf6
41. Qf3 Nd7 42. Bf1 Kg7 43. Bh3 f5 44. exf5 gxf5 45. Qe2 Qg6 46. Bg2 e4 47. Bf3
Nf6 48. Kh1 Ng4 49. Re1 Ref7 50. Bg2 Ne5 51. Rad1 Qg4 52. Qf1 Nd3 53. Rxd3 exd3
54. Qxd3 f4 55. Re4 Qg6 56. Qc3+ Qf6 57. Qf3 fxg3 58. Qxh5 Kg8 59. fxg3 Rg7 60.
Qe2 Kh8 61. Rf4 Qd8 62. Rxf8+ Qxf8 63. Kh2 Qf7 64. g4 Qf4+ 65. Kh3 Qf6 66. g5
Qf5+ 67. Kg3 Rf7 68. Qe3 Kg7 69. h5 Qe5+ 70. Qxe5+ dxe5 71. d6 Rd7 72. h6+ Kh8
73. g6 Rxd6 74. g7+ Kh7 75. Be4+ Kg8 76. Bd5+ Rxd5 77. cxd5 c4 78. d6 c3 79. d7
cxb2 80. d8=Q+ Kf7 81. g8=Q# {eyesofkubrick checkmated} 1-0

[Event "ICS rated blitz match"]
[Site "204.178.125.65"]
[Date "2001.08.05"]
[Round "?"]
[White "Hossa"]
[Black "ChesterX"]
[Result "0-1"]
[WhiteElo "2575"]
[BlackElo "2727"]
[PlyCount "89"]
[EventDate "2001.??.??"]

1. e4 e6 2. d4 d5 3. Nc3 Bb4 4. e5 Qd7 5. Nf3 b6 6. Be2 Bxc3+ 7. bxc3 Ne7 8.
O-O Nf5 9. Ba3 Bb7 10. Ng5 h6 11. Nf3 Nc6 12. Bd3 O-O-O 13. Rb1 g5 14. Qc1 g4
15. Nd2 f6 16. exf6 Qf7 17. Bxf5 exf5 18. Be7 Nxe7 19. fxe7 Rd7 20. Qa3 Kb8 21.
Qb2 Rxe7 22. a4 f4 23. a5 f3 24. axb6 cxb6 25. Qb5 fxg2 26. Kxg2 Rhe8 27. Ra1
Qf4 28. Nb3 Qf3+ 29. Kg1 Qxc3 30. Qa4 a6 31. Rad1 h5 32. Na1 Re2 33. Qd7 Qc7
34. Qf5 h4 35. Rd3 Qg7 36. Qf4+ Ka8 37. Qd6 Ka7 38. Qb4 R8e4 39. Rb1 Qf6 40.
Rf1 Rf4 41. f3 gxf3 42. Kh1 Qg7 43. Qxb6+ Kxb6 44. Rb3+ Kc6 45. Rb6+ {
Hossa resigns} 0-1

[Event "ICS rated blitz match"]
[Site "204.178.125.65"]
[Date "2001.08.05"]
[Round "?"]
[White "Hossa"]
[Black "ChesterX"]
[Result "1/2-1/2"]
[WhiteElo "2552"]
[BlackElo "2736"]
[PlyCount "53"]
[EventDate "2001.??.??"]

1. e4 Nf6 2. e5 Nd5 3. d4 d6 4. c4 Nb6 5. exd6 exd6 6. Nc3 Nc6 7. Be3 Be7 8.
Bd3 O-O 9. Nf3 Bg4 10. h3 Bxf3 11. Qxf3 Nb4 12. Qe4 g6 13. O-O-O c6 14. h4 Nxc4
15. Bxc4 d5 16. Bxd5 cxd5 17. Qf3 Rc8 18. Kb1 Qa5 19. a3 Rxc3 20. bxc3 Qxa3 21.
cxb4 Qxb4+ 22. Ka2 Qa3+ 23. Kb1 Qb4+ 24. Ka2 Qa3+ 25. Kb1 Qb4+ 26. Ka2 Qa3+ 27.
Kb1 {Game drawn by repetition} 1/2-1/2

[Event "ICS rated blitz match"]
[Site "204.178.125.65"]
[Date "2001.08.05"]
[Round "?"]
[White "Hossa"]
[Black "roedor2"]
[Result "1-0"]
[WhiteElo "2564"]
[BlackElo "2000"]
[PlyCount "67"]
[EventDate "2001.??.??"]

1. e4 c5 2. d4 cxd4 3. c3 dxc3 4. Nxc3 a6 5. Nf3 d6 6. Bd3 Nf6 7. O-O Nc6 8.
Bf4 e6 9. Qd2 Be7 10. Rfd1 e5 11. Bg5 O-O 12. Bxf6 gxf6 13. Nd5 Bg4 14. Be2
Bxf3 15. Bxf3 Nd4 16. Bg4 Kh8 17. Qh6 Rg8 18. h3 Rg6 19. Qh4 Rg7 20. Qh5 Qf8
21. Bf5 Nxf5 22. Qxf5 Rd8 23. h4 Rg6 24. Rac1 Re8 25. Rc7 Bd8 26. Rxb7 Qg7 27.
g3 Rg8 28. Kf1 Rg4 29. Ne3 Rg6 30. Rxd6 Rxg3 31. fxg3 Qxg3 32. Rxf7 Qg6 33.
Rdd7 Qg1+ 34. Ke2 {roedor2 resigns} 1-0

[Event "ICS rated blitz match"]
[Site "204.178.125.65"]
[Date "2001.08.05"]
[Round "?"]
[White "Hossa"]
[Black "Kob"]
[Result "1-0"]
[WhiteElo "2569"]
[BlackElo "2130"]
[PlyCount "37"]
[EventDate "2001.??.??"]

1. e4 c5 2. d4 cxd4 3. c3 dxc3 4. Nxc3 Nc6 5. Nf3 g6 6. Bc4 Bg7 7. Bg5 d6 8.
Qb3 Na5 9. Bxf7+ Kf8 10. Qd5 Nf6 11. Bxf6 Bxf6 12. e5 e6 13. Bxe6 dxe5 14.
Qxd8+ Bxd8 15. Bxc8 Rxc8 16. Nxe5 Nc4 17. Nxc4 Rxc4 18. O-O-O Bf6 19. Rd7 {
Kob resigns} 1-0

[Event "ICS rated blitz match"]
[Site "204.178.125.65"]
[Date "2001.08.05"]
[Round "?"]
[White "ChesterX"]
[Black "Hossa"]
[Result "1-0"]
[WhiteElo "2733"]
[BlackElo "2573"]
[PlyCount "88"]
[EventDate "2001.??.??"]

1. d4 d5 2. c4 c6 3. Nf3 Nf6 4. Nc3 e6 5. e3 Nbd7 6. Bd3 Bd6 7. Qc2 dxc4 8.
Bxc4 O-O 9. O-O Nb6 10. Be2 Nfd5 11. Bd2 f5 12. e4 Nb4 13. Qb1 Qd7 14. a3 fxe4
15. Nxe4 N4d5 16. Bd3 Rxf3 17. gxf3 g6 18. a4 Qc7 19. Nxd6 Qxd6 20. a5 Nd7 21.
Be4 Nf4 22. Bxf4 Qxf4 23. a6 Nb8 24. axb7 Bxb7 25. Qd3 a5 26. Rfc1 Qg5+ 27. Kh1
Qf4 28. Qb3 Bc8 29. Qe3 Qd6 30. Ra4 Bb7 31. Qb3 Bc8 32. Rc5 Qd8 33. Kg1 Qc7 34.
Qc3 Bb7 35. Rcxa5 Rxa5 36. Rxa5 Qd8 37. Ra7 Qg5+ 38. Kh1 Qb5 39. Bd3 Qb6 40.
Qc5 Qxc5 41. dxc5 Nd7 42. b4 Ne5 43. Be4 Bc8 44. Ra8 Kf7 {Hossa resigns} 1-0

[Event "ICS rated blitz match"]
[Site "204.178.125.65"]
[Date "2001.08.05"]
[Round "?"]
[White "Hossa"]
[Black "ChesterX"]
[Result "0-1"]
[WhiteElo "2597"]
[BlackElo "2751"]
[PlyCount "115"]
[EventDate "2001.??.??"]

1. e4 c5 2. d4 cxd4 3. c3 g6 4. cxd4 d5 5. exd5 Nf6 6. Bb5+ Nbd7 7. Nf3 Bg7 8.
d6 O-O 9. dxe7 Qxe7+ 10. Be2 Re8 11. Nc3 Ne4 12. Nxe4 Qxe4 13. Be3 Nb6 14. Bb5
Re7 15. Bd3 Qd5 16. O-O Bg4 17. Be2 Rc8 18. b3 Rec7 19. Re1 Bf5 20. Ng5 Qa5 21.
Bg4 h6 22. Nh3 Bxg4 23. Qxg4 Rc2 24. a3 Qd5 25. b4 g5 26. Qh5 Nc4 27. Rad1 Nxa3
28. Nf4 Qd8 29. Nd3 R2c7 30. h4 Nc2 31. hxg5 Qd5 32. Re2 hxg5 33. Nc5 Nxb4 34.
Rb2 a5 35. Rbb1 b6 36. Nd3 Nc2 37. Rxb6 Nxe3 38. fxe3 Bxd4 39. Nf2 Qc5 40. Rh6
Bg7 41. Rhd6 Qxe3 42. R6d3 Qe7 43. Rf1 Rc1 44. Rd5 Rxf1+ 45. Kxf1 Rc1+ 46. Nd1
a4 47. g3 a3 48. Rd2 Bc3 49. Rf2 Bb2 50. Rf5 a2 51. Rxg5+ Bg7 52. Ra5 Qf6+ 53.
Ke2 Rc2+ 54. Kd3 Qc6 55. Ne3 Rf2 56. Qd5 Qc3+ 57. Ke4 Qb4+ 58. Qc4 {
Hossa resigns} 0-1

[Event "ICS rated blitz match"]
[Site "204.178.125.65"]
[Date "2001.08.05"]
[Round "?"]
[White "ChesterX"]
[Black "Hossa"]
[Result "1-0"]
[WhiteElo "2760"]
[BlackElo "2588"]
[PlyCount "62"]
[EventDate "2001.??.??"]

1. d4 d5 2. Nc3 Nf6 3. g3 e6 4. Bg2 c5 5. e3 b6 6. Nge2 Ba6 7. O-O h5 8. Bd2 h4
9. a4 g5 10. Nb5 Nc6 11. c4 hxg3 12. fxg3 Rc8 13. cxd5 Nxd5 14. e4 Nc7 15. d5
exd5 16. exd5 Nxd5 17. Qb3 Nf4 18. Bxf4 gxf4 19. Rxf4 Qe7 20. Re4 Ne5 21. Nxa7
Qxa7 22. Rxe5+ Be7 23. Qf3 Qc7 24. Re4 Qd6 25. Rf1 Qg6 26. Re1 Qh7 27. Nf4 Rc7
28. Rxe7+ Rxe7 29. Qa8+ Kd7 30. Qa7+ Kd8 31. Qb8+ Kd7 {Hossa resigns} 1-0

[Event "ICS rated blitz match"]
[Site "204.178.125.65"]
[Date "2001.08.05"]
[Round "?"]
[White "Hossa"]
[Black "stamen"]
[Result "1-0"]
[WhiteElo "2579"]
[BlackElo "2278"]
[PlyCount "123"]
[EventDate "2001.??.??"]

1. Nf3 Nf6 2. c4 g6 3. Nc3 Bg7 4. g3 O-O 5. Bg2 d6 6. O-O e5 7. d4 Nbd7 8. dxe5
dxe5 9. Qc2 c6 10. Rd1 Qe7 11. Bg5 a5 12. Ne4 h6 13. Be3 Nxe4 14. Qxe4 f5 15.
Qc2 Nc5 16. Nh4 Kh7 17. Qd2 e4 18. Bf4 Qf7 19. Qc1 Ne6 20. Bd6 Re8 21. Bf1 Ng5
22. e3 Be6 23. Qc2 a4 24. Rac1 Qg8 25. Bc5 Nf7 26. Ng2 Ne5 27. Nf4 Bf7 28. Be2
g5 29. Nh5 Bh8 30. Ba3 Nd3 31. Rxd3 exd3 32. Qxd3 Qg6 33. Qc2 Qe6 34. Bf3 Bg6
35. Rd1 Rad8 36. Qxa4 Rxd1+ 37. Bxd1 Rd8 38. g4 fxg4 39. Ng3 h5 40. Be2 h4 41.
Qa5 hxg3 42. Qxd8 gxf2+ 43. Kxf2 Qf5+ 44. Kg1 Be5 45. Qe7+ Kh6 46. Qf8+ Qxf8
47. Bxf8+ Kh5 48. b3 Kh4 49. c5 g3 50. hxg3+ Kxg3 51. Bd6 Bxd6 52. cxd6 Bf5 53.
Bd3 Bd7 54. Bg6 Kf3 55. e4 Kf4 56. Bf5 Be8 57. a4 Ke5 58. d7 Bxd7 59. Bxd7 Kxe4
60. Bxc6+ bxc6 61. a5 Kd5 62. a6 {stamen resigns} 1-0

[Event "ICS rated blitz match"]
[Site "204.178.125.65"]
[Date "2001.08.05"]
[Round "?"]
[White "Hossa"]
[Black "papirus"]
[Result "1-0"]
[WhiteElo "2584"]
[BlackElo "1539"]
[PlyCount "27"]
[EventDate "2001.??.??"]

1. g4 e6 2. Nc3 d5 3. d4 Bb4 4. Bh3 c5 5. Nf3 Qa5 6. Bd2 cxd4 7. Nxd4 Nc6 8.
Nxc6 bxc6 9. a3 Bxc3 10. Bxc3 Qb6 11. Bxg7 f6 12. Rb1 Ba6 13. Bxh8 Kf7 14. g5 {
papirus resigns} 1-0

[Event "ICS rated blitz match"]
[Site "204.178.125.65"]
[Date "2001.08.05"]
[Round "?"]
[White "ChesterX"]
[Black "Hossa"]
[Result "1-0"]
[WhiteElo "2761"]
[BlackElo "2584"]
[PlyCount "74"]
[EventDate "2001.??.??"]

1. e4 e6 2. d4 d5 3. Nd2 Nf6 4. e5 Nfd7 5. c3 c5 6. Bd3 Nc6 7. Ne2 cxd4 8. cxd4
f6 9. exf6 Qxf6 10. Nf3 h6 11. O-O Bd6 12. Bc2 Nb4 13. Bb3 O-O 14. Nc3 a6 15.
Be3 Qf5 16. a3 Qh5 17. Ne5 Qxd1 18. Raxd1 Bxe5 19. dxe5 Nc6 20. f4 g5 21. Nxd5
exd5 22. Bxd5+ Kg7 23. e6 gxf4 24. Bxf4 Rxf4 25. Rxf4 Nde5 26. Rdf1 Kg6 27.
Be4+ Kg7 28. Rf8 a5 29. Bxc6 Bxe6 30. Rxa8 Nxc6 31. Re8 Bb3 32. Rc8 Kg6 33. Rc7
Nd8 34. Rf8 Nf7 35. Rxb7 a4 36. Rb6+ Kg7 37. Re8 Kh7 {Hossa resigns} 1-0

[Event "ICS rated blitz match"]
[Site "204.178.125.65"]
[Date "2001.08.05"]
[Round "?"]
[White "Hossa"]
[Black "ChesterX"]
[Result "0-1"]
[WhiteElo "2560"]
[BlackElo "2769"]
[PlyCount "105"]
[EventDate "2001.??.??"]

1. f3 e5 2. Nc3 Nc6 3. e4 Bc5 4. d3 d6 5. Nge2 Nf6 6. Na4 Bb6 7. Nxb6 axb6 8.
Nc3 O-O 9. Be2 d5 10. Bg5 d4 11. Nd5 Be6 12. Nxf6+ gxf6 13. Bh4 Qd6 14. Qd2 Kg7
15. a3 Ne7 16. O-O Ng6 17. Bg3 Nf4 18. Bxf4 exf4 19. Bd1 b5 20. Rb1 b6 21. Qe1
c5 22. Qh4 Rg8 23. Be2 Qe5 24. Rfe1 Kh8 25. Rbc1 Rg6 26. Bf1 Qg5 27. Qf2 Rh6
28. c3 Qh5 29. h3 Rg8 30. Kh1 Rg3 31. Rc2 Bxh3 32. gxh3 Rxh3+ 33. Bxh3 Qxh3+
34. Qh2 Qxf3+ 35. Rg2 Rxh2+ 36. Kxh2 dxc3 37. bxc3 h6 38. Rb1 Qxd3 39. Rbg1 Qd8
40. Rf1 Qd6 41. Rgf2 Kg7 42. Rxf4 Qd2+ 43. Kg3 Qxc3+ 44. R1f3 Qe5 45. Kg2 c4
46. Rg4+ Kf8 47. Rgf4 c3 48. Rf5 Qxe4 49. Rxf6 Qd5 50. Rxb6 Ke7 51. Rb8 Kd7 52.
Rf8 c2 53. R8xf7+ {Hossa resigns} 0-1

[Event "ICS rated blitz match"]
[Site "204.178.125.65"]
[Date "2001.08.05"]
[Round "?"]
[White "Hossa"]
[Black "Schrauf"]
[Result "0-1"]
[WhiteElo "2539"]
[BlackElo "2644"]
[PlyCount "128"]
[EventDate "2001.??.??"]

1. d4 Nf6 2. Bg5 d5 3. e3 c5 4. dxc5 Ne4 5. Bf4 Nc6 6. Nf3 f6 7. c4 e5 8. Bg3
Bxc5 9. cxd5 Bb4+ 10. Nfd2 Qxd5 11. a3 Nxg3 12. hxg3 Qa5 13. Bd3 Be6 14. Bg6+
Ke7 15. Be4 Rac8 16. Nc3 Bxc3 17. bxc3 Qxc3 18. Qb1 f5 19. Bxc6 Qxc6 20. O-O
Kf6 21. Qb4 g5 22. g4 Rhd8 23. gxf5 Bxf5 24. Ra2 Qd5 25. Rb2 Rc2 26. Rxc2 Bxc2
27. Nc4 b5 28. Na5 Rc8 29. Qg4 Bf5 30. Qh5 Qd3 31. Qh6+ Bg6 32. Qh3 Rc7 33.
Qf3+ Kg7 34. Qg3 Qc3 35. Nb3 Rf7 36. Nc1 Rf5 37. Qh2 a5 38. Ne2 Qb2 39. Ng3 Rf7
40. Nh1 Re7 41. Qg3 h6 42. e4 Bxe4 43. Qh3 Bg6 44. Ng3 Qa2 45. Re1 Qe6 46. Qh2
b4 47. axb4 axb4 48. Re3 b3 49. Re2 Bc2 50. Nf1 b2 51. Re1 Ra7 52. Rxe5 Ra1 53.
Re1 Rxe1 54. Qc7+ Qe7 55. Qc3+ Qe5 56. Qxe5+ Rxe5 57. Kh2 b1=Q 58. Ng3 Qb4 59.
Nh5+ Kf7 60. g4 Qe1 61. Kh3 Qf1+ 62. Kg3 Re2 63. Kh2 Rxf2+ 64. Kg3 Qg2# {
Hossa checkmated} 0-1

[Event "ICS rated blitz match"]
[Site "204.178.125.65"]
[Date "2001.08.05"]
[Round "?"]
[White "Hossa"]
[Black "Havard"]
[Result "1-0"]
[WhiteElo "2528"]
[BlackElo "2120"]
[PlyCount "105"]
[EventDate "2001.??.??"]

1. d4 Nf6 2. Nf3 e6 3. g3 d5 4. Bg2 Be7 5. O-O O-O 6. Bf4 b6 7. c3 Bd6 8. Bxd6
Qxd6 9. Ne5 c5 10. Nd2 Nc6 11. Ndc4 Qc7 12. Nxc6 Qxc6 13. b3 Qc7 14. a3 Nd7 15.
Nb2 cxd4 16. cxd4 Ba6 17. Qd2 Rac8 18. Rac1 Qd6 19. a4 Rxc1 20. Rxc1 Rc8 21.
Rxc8+ Bxc8 22. b4 Qc7 23. Bf3 Bb7 24. Nd3 Nf6 25. g4 Nd7 26. a5 bxa5 27. bxa5
h6 28. Qb4 Ba6 29. Nc5 Nxc5 30. dxc5 Qb7 31. Qxb7 Bxb7 32. Kf1 Kf8 33. Ke1 Ke7
34. Kd2 Kd7 35. Kc3 e5 36. Kb4 Bc6 37. e3 g6 38. Be2 f5 39. gxf5 gxf5 40. Bd3
Ke6 41. Kc3 f4 42. Bc2 fxe3 43. fxe3 Kf6 44. Bd3 Kg5 45. Kb4 Kh4 46. Bb5 Bb7
47. Bd7 d4 48. exd4 exd4 49. Kc4 d3 50. Kxd3 Ba6+ 51. Kd4 Kg5 52. Kd5 Bc8 53.
Bxc8 {Havard resigns} 1-0

[Event "ICS rated blitz match"]
[Site "204.178.125.65"]
[Date "2001.08.05"]
[Round "?"]
[White "Havard"]
[Black "Hossa"]
[Result "0-1"]
[WhiteElo "2117"]
[BlackElo "2531"]
[PlyCount "29"]
[EventDate "2001.??.??"]

1. e4 Nf6 2. e5 Nd5 3. c4 Nb6 4. d4 d6 5. Nf3 dxe5 6. Nxe5 e6 7. Be3 Bb4+ 8.
Nc3 O-O 9. Qc2 f6 10. Nf3 e5 11. d5 Kh8 12. Bd3 Bg4 13. Bxh7 Nxc4 14. O-O-O
Bxc3 15. Qxc3 {Havard resigns} 0-1

[Event "ICS rated blitz match"]
[Site "204.178.125.65"]
[Date "2001.08.05"]
[Round "?"]
[White "Hossa"]
[Black "nyul"]
[Result "1-0"]
[WhiteElo "2534"]
[BlackElo "2024"]
[PlyCount "31"]
[EventDate "2001.??.??"]

1. d4 d5 2. Nc3 e6 3. e4 Bb4 4. a3 Bxc3+ 5. bxc3 dxe4 6. Qg4 Nf6 7. Qxg7 Rg8 8.
Qh6 Rg6 9. Qf4 Rg4 10. Qe3 Nd5 11. Qh6 Rh4 12. Qg7 e3 13. Nf3 exf2+ 14. Kxf2
Rh5 15. g4 Rh3 16. Bxh3 {nyul resigns} 1-0

[Event "ICS rated blitz match"]
[Site "204.178.125.65"]
[Date "2001.08.05"]
[Round "?"]
[White "nyul"]
[Black "Hossa"]
[Result "0-1"]
[WhiteElo "2022"]
[BlackElo "2536"]
[PlyCount "54"]
[EventDate "2001.??.??"]

1. e4 Nf6 2. Nc3 e5 3. Bc4 Nc6 4. Nf3 Nxe4 5. Nxe4 d5 6. Bd3 dxe4 7. Bxe4 Nb4
8. a3 f5 9. axb4 fxe4 10. Nxe5 Qg5 11. d4 Qxg2 12. Rf1 Bxb4+ 13. c3 Bh3 14. Qe2
Be7 15. Bf4 Qxf1+ 16. Qxf1 Bxf1 17. Kxf1 O-O 18. Bg3 e3 19. f4 g5 20. f5 Rxf5+
21. Ke2 a6 22. Kxe3 Raf8 23. Ra4 Rf1 24. Rc4 Bd6 25. Ra4 h5 26. h3 h4 27. Bh2
Rh1 {nyul resigns} 0-1